000
00279nam a22001217a 4500
008
181224b xxu||||| |||| 00| 0 eng d
041
_a
eng
080
_a
530
100
_a
43
101
_a
FIZ
245
_a
A First Course in Laboratory Physics
_c
Millikan,R.A
942
_2
udc
_c
BK
999
_c
53715
_d
53715